Zustriči /Stretnutia./

Bibliographic Details
Main Author: Ivančov, Fedor, 1916-2007 (Author)
Format: Article
Language:Ukrainian
Subjects:

MARC

LEADER 00000nab a2200000 a 4500
001 vtls000242936
003 SK-MaSNL
005 20260302211833.0
008 180130c1986 xo 0 ukr
015 |a SNBRB19rr/mm-uuuuu 
035 |a CL0253050 
040 |a SNKBUCL  |b slo  |c SNKBUCL  |e AACR2 
041 0 |a ukr 
044 |a xo  |c SK 
080 |a 883 (437)-94=83  |2 1981 
100 1 |a Ivančov, Fedor,  |d 1916-2007  |4 aut  |9 186754 
245 1 0 |a Zustriči  |b /Stretnutia./  |c Fedir Ivančov 
600 1 7 |a Borolyč, Jurko,  |d 1921-1973  |2 snkbucl  |9 195617 
650 0 7 |a črty  |2 snkbucl  |9 893809 
655 7 |a články z novín a časopisov  |2 snkbucl  |9 267496 
655 7 |a články z odboru literárna veda a krásna literatúra  |2 snkbucl  |9 770045 
773 0 |t Družno vpered  |g Č. 2 (1986), s. 24 
850 |a Slovenská národná knižnica v Martine  |a MTA001 
852 |a SNK  |b KIS3GCP 
958 |a RK 
958 |a BX 
958 |a LX 
958 |a UK 
992 |a RBX 
999 |c 1486583  |d 1488513